000
00306nam a22001337a 4500
008
171013b xxu||||| |||| 00| 0 eng d
020
_a
9780875814025
041
_a
eng
080
_a
316
100
_a
50
101
_a
SOC
245
_a
SOCIAL WORK RESEARCH & EVALUATION
_c
GRINNELL, R.M
942
_2
udc
_c
BK
999
_c
33635
_d
33635